Score 0/20 Timer 01:30
1 Play Today
% Correct
Little
93.4%
Cards
91.8%
Disappear
91.1%
Right
90.8%
Soundtrack
89.9%
Plastic
89.5%
There
89.1%
Paranoid
88.8%
Iron
88.2%
True
87.7%
% Correct
Police
84%
Burn
82.8%
Down
81.9%
Out
80.3%
Wolf
79.1%
Spirit
70.3%
Arpeggi
68.4%
Magpie
67.7%
Step
64.6%
Faust
60.3%

Today's Daily Dose

Remove Ads.
Support Sporcle.
Get the best of Sporcle when you Go Orange. This ad-free experience offers more features, more stats, and more fun while also helping to support Sporcle. Thank you for becoming a member.

You're not logged in!

Compare scores with friends on all Sporcle quizzes.
OR
Log In

Show Comments

Extras

Top Quizzes Today


Score Distribution

Your Account Isn't Verified!

In order to create a playlist on Sporcle, you need to verify the email address you used during registration. Go to your Sporcle Settings to finish the process.

Report this User

Report this user for behavior that violates our Community Guidelines.

Details: